000
00225 a2200097 4500
001
46386
100
_a
Shields,
245
_a
Meteorology and Air Navigation
260
_a
New York
_b
McGraw-Hill Book
_c
090
_c
29506
_d
29506
942
_a
NUST-CAE
_c
M
_c
21676
999
_c
281459
_d
281459